Osiedla administracyjne Łodzi - Statystyki

Ogólne statystyki
  • Ten quiz został rozwiązany 52 razy
  • Średni wynik to 20 z 36
Odpowiedzi na mapie
Odpowiedzi zakodowano w zielono-czerwonej skali na mapie do tego quizu, zgodnie z poniższymi procentami.
 
Statystyki odpowiedzi
Odpowiedź % Poprawnych
Katedralna
76%
Chojny
72%
Łagiewniki
72%
Śródmieście-Wschód
72%
Bałuty Zachodnie
68%
Nowosolna
68%
Stare Polesie
68%
Lublinek-Pienista
64%
Piastów-Kurak
64%
Retkinia Zachód-Smulsko
64%
Wzniesień Łódzkich
64%
Chojny-Dąbrowa
60%
Karolew-Retkinia Wschód
60%
Stary Widzew
60%
Teofilów-Wielkopolska
60%
Zdrowie-Mania
60%
Radogoszcz
56%
Widzew-Wschód
56%
Złotno
56%
Bałuty-Centrum
52%
Mileszki
52%
Rokicie
52%
Ruda
52%
Bałuty-Doły
48%
Górniak
48%
im. Józefa Montwiłła-Mireckiego
48%
Koziny
48%
Stoki-Sikawa-Podgórze
48%
Zarzew
48%
Andrzejów
44%
Julianów-Marysin-Rogi
44%
Olechów-Janów
44%
Nad Nerem
40%
nr 33
40%
Dolina Łódki
36%
Wiskitno
36%
Nie znaleziono quizów pasujących do podanych kryteriów
Rozkład punktacji
Procent ludzi z każdym wynikiem
Percentyl według liczby udzielonych odpowiedzi
Twoja historia wyników
Nie rozwiązałeś tego quizu